zpět

Detail výsledku týmu

U Lucerny ČT, Brno

Datum a čas kvízu

35.5 Celkem bodů Celkový počet nahraných bodů na tomto kvízu bez doplňovacích otázek.
6. Pořadí na kvízu Konečné umístění týmu na tomto kvízu.

Zaznamenané odpovědi

# Otázka Odpověď Body Výsledky
1. Jak se jmenuje funkcionář, jem... Josef Středula 1
2. Správci pozůstalosti nedávno z... Sinéad O'Connor 0
3. V sobotu se v pražském Rudolfi... Přišla v noci, Bratři 0.5
4. Jedna dá se říci již legendárn... U Daana 0
5. Tři mužstva vyhrála v předkole... Litvínov, České Budějovice, Hradec Králové 1
6. Začneme prvním českým králem p... Rudolf (I. Habsburský) 0
7. Další „slavnou“ prohrou, která... ve Francii 1
8. V bitvě u Lipan, kterou řadí m... Prokop 1
9. Bitva na Bílé hoře v roce 1620... D) 2 hodiny 1
10. Napište jména dvou mužů, kteří... Neville Chamberlain, Édouard Daladier 0.5